Logistic Engineering and Managment (Record no. 293601)

000 -LEADER
fixed length control field 00262 a2200109 4500
001 - CONTROL NUMBER
control field 58528
082 ## - DEWEY DECIMAL CLASSIFICATION NUMBER
Classification number 658.7 BLA
090 ## - LOCALLY ASSIGNED LC-TYPE CALL NUMBER (OCLC); LOCAL CALL NUMBER (RLIN)
-- 35899
-- 35899
100 ## - MAIN ENTRY--PERSONAL NAME
Personal name Blanchard,S.B
245 ## - TITLE STATEMENT
Title Logistic Engineering and Managment
260 ## - PUBLICATION, DISTRIBUTION, ETC.
Place of publication, distribution, etc. New york
Name of publisher, distributor, etc. Prentice hall
Date of publication, distribution, etc. 1987
942 ## - ADDED ENTRY ELEMENTS (KOHA)
Institution code [OBSOLETE] NUST-CAE
Call number prefix 658.7 BLA
Holdings
Withdrawn status Lost status Damaged status Not for loan Collection code Permanent Location Current Location Date acquired Total Checkouts Full call number Barcode Date last seen Price effective from Koha item type
          College of Aeronautical Engineering (CAE) College of Aeronautical Engineering (CAE) 04/03/2017   658.7 BLA CAE58343 04/05/2017 04/05/2017 Book
© 2023 Central Library, National University of Sciences and Technology. All Rights Reserved.